[Event "GRE-ch U20"]
[Site "Chania"]
[Date "2013.01.02"]
[Round "1.2"]
[White "Georgantas, Antonios"]
[Black "Kazakos, Emmanouil"]
[Result "0-1"]
[WhiteElo "1814"]
[BlackElo "2121"]
[PlyCount "76"]
[EventDate "2013.01.02"]
[EventType "tourn"]
[EventRounds "6"]
[EventCountry "GRE"]
[SourceTitle "EXT 2024"]
[Source "ChessBase"]
[SourceDate "2023.10.10"]
[SourceVersion "1"]
[SourceVersionDate "2023.10.10"]
[SourceQuality "1"]

1. e4 e6 2. d4 d5 3. e5 c5 4. c3 Nc6 5. Nf3 Bd7 6. Be2 Qb6 7. 0-0 Rc8 8. a3 Nge7 9. b4 cxd4 10. cxd4 Nf5 11. Bb2 Na5 12. Nbd2 Nc4 13. Nxc4 dxc4 14. Bc3 Ne7 15. Rc1 Qa6 16. Bb2 Nd5 17. Nd2 b5 18. Ne4 Bc6 19. Nc3 Qb7 20. Nxd5 Bxd5 21. g3 Be7 22. f4 0-0 23. Bc3 a5 24. Qd2 Ra8 25. g4 axb4 26. axb4 Ra6 27. Ra1 Rfa8 28. Rxa6 Rxa6 29. Qb2 Qa8 30. Ra1 Bh1 31. Bf1 Bf3 32. h3 Rxa1 33. Qxa1 Qxa1 34. Bxa1 Bxb4 35. Kf2 Bh1 36. Bg2 Bxg2 37. Kxg2 c3 38. Kf3 c2 0-1

[Event "Paleochora op 5th"]
[Site "Paleochora"]
[Date "2012.07.17"]
[Round "2"]
[White "Kazakos, Emmanouil"]
[Black "Ganguly, Surya Shekhar"]
[Result "0-1"]
[WhiteElo "2128"]
[BlackElo "2627"]
[PlyCount "82"]
[EventDate "2012.07.16"]
[EventType "swiss"]
[EventRounds "9"]
[EventCountry "GRE"]
[SourceTitle "CBM 149 Extra"]
[Source "ChessBase"]
[SourceDate "2012.08.24"]
[SourceVersion "1"]
[SourceVersionDate "2012.08.24"]
[SourceQuality "1"]

1. e4 e6 2. d4 d5 3. Nc3 Bb4 4. Nge2 dxe4 5. a3 Bxc3+ 6. Nxc3 Nc6 7. d5 Nce7 8. dxe6 Qxd1+ 9. Kxd1 Bxe6 10. Nxe4 0-0-0+ 11. Ke1 Bf5 12. Bd3 Nf6 13. f3 Rhe8 14. Kf2 Bxe4 15. fxe4 h6 16. Re1 Ng6 17. a4 Rd4 18. Be3 Ng4+ 19. Kg1 Nxe3 20. Rxe3 Ne5 21. b3 Red8 22. Be2 Rd2 23. Rc1 R8d6 24. Kf1 Rc6 25. c4 Rf6+ 26. Ke1 Rd4 27. Rd1 Rxd1+ 28. Bxd1 c5 29. Rg3 g6 30. Bg4+ Kc7 31. Bh3 Rd6 32. Ke2 Kb6 33. Re3 Ka5 34. Bc8 Kb6 35. Rc3 Rd8 36. Bh3 Ka5 37. Rc1 Kb4 38. g3 b6 39. a5 bxa5 40. Ra1 Kxb3 41. Rxa5 Rd2+ 0-1

[Event "GRE-chT 40th"]
[Site "Achaia"]
[Date "2012.07.05"]
[Round "7.5"]
[White "Kanellopoulos, Panayotis"]
[Black "Kazakos, Emmanouil"]
[Result "0-1"]
[WhiteElo "2248"]
[BlackElo "2124"]
[PlyCount "118"]
[EventDate "2012.06.30"]
[EventType "team-swiss"]
[EventRounds "7"]
[EventCountry "GRE"]
[SourceTitle "CBM 149 Extra"]
[Source "ChessBase"]
[SourceDate "2012.08.24"]
[SourceVersion "1"]
[SourceVersionDate "2012.08.24"]
[SourceQuality "1"]
[WhiteTeam "Patron"]
[BlackTeam "Chania Kydon"]
[WhiteTeamCountry "GRE"]
[BlackTeamCountry "GRE"]

1. Nf3 Nf6 2. c4 c5 3. Nc3 e6 4. g3 b6 5. Bg2 Bb7 6. 0-0 Be7 7. d4 cxd4 8. Qxd4 d6 9. Rd1 a6 10. Ng5 Bxg2 11. Kxg2 0-0 12. Nce4 Ne8 13. Qd3 g6 14. Nf3 f5 15. Neg5 Qc8 16. Qe3 Ng7 17. b3 h6 18. Nh3 g5 19. Qxb6 g4 20. Bxh6 gxh3+ 21. Kxh3 Qe8 22. Kg2 Nd7 23. Qc6 Rd8 24. Qxa6 Qh5 25. Be3 Kf7 26. Rd2 Rh8 27. h4 e5 28. Rxd6 Bxd6 29. Qxd6 f4 30. Bd2 Qf5 31. Qd5+ Kg6 32. Ba5 Rde8 33. Bc7 Nh5 34. Rd1 Nhf6 35. Qc6 Re6 36. Qb5 Re7 37. Bd6 Rg7 38. Bxe5 fxg3 39. Bxg3 Qxb5 40. cxb5 Re8 41. Kf1 Ne4 42. Bc7 Nc3 43. Rd6+ Kh7 44. a4 Rxe2 45. Rc6 Rc2 46. Ng5+ Kg8 47. Be5 Rxg5 48. hxg5 Nxe5 49. Rc7 Nd3 50. Kg2 Rxf2+ 51. Kh3 Nd5 52. Rd7 N5f4+ 53. Kg3 Rg2+ 54. Kf3 Ne5+ 55. Kxf4 Nxd7 56. Ke4 Nc5+ 57. Kd5 Nxb3 58. Kc6 Rb2 59. b6 Ra2 0-1

[Event "GRE-chT 40th"]
[Site "Achaia"]
[Date "2012.07.03"]
[Round "5.9"]
[White "Kazakos, Emmanouil"]
[Black "Pappelis, Dimitrios"]
[Result "1/2-1/2"]
[WhiteElo "2124"]
[BlackElo "2042"]
[PlyCount "70"]
[EventDate "2012.06.30"]
[EventType "team-swiss"]
[EventRounds "7"]
[EventCountry "GRE"]
[SourceTitle "CBM 149 Extra"]
[Source "ChessBase"]
[SourceDate "2012.08.24"]
[SourceVersion "1"]
[SourceVersionDate "2012.08.24"]
[SourceQuality "1"]
[WhiteTeam "Chania Kydon"]
[BlackTeam "Von Heraklion Contact"]
[WhiteTeamCountry "GRE"]
[BlackTeamCountry "GRE"]

1. e4 c5 2. Nf3 e6 3. d4 cxd4 4. Nxd4 Nf6 5. Nc3 Nc6 6. Nxc6 bxc6 7. e5 Nd5 8. Ne4 Qc7 9. f4 Qb6 10. c4 Bb4+ 11. Ke2 f5 12. Nf2 Bc5 13. Nd3 Ne3 14. Qa4 Nxf1 15. Rxf1 Bd4 16. g3 Bb7 17. Rb1 c5 18. Be3 Bxe3 19. Kxe3 Ke7 20. Kd2 Be4 21. Qa3 Bxd3 22. Qxd3 Rhd8 23. Kc2 d5 24. exd6+ Rxd6 25. Qc3 Kf7 26. Rfd1 Rad8 27. Rxd6 Qxd6 28. Re1 Qa6 29. Kb1 Rd4 30. b3 Qd6 31. Qf3 Rd2 32. Re2 Rd1+ 33. Kb2 Rd2+ 34. Kb1 Rd1+ 35. Kb2 Rd2+ 1/2-1/2

[Event "GRE-ch U20"]
[Site "Nikaia"]
[Date "2012.01.09"]
[Round "7"]
[White "Kazakos, Emmanouil"]
[Black "Papadimitriou, Athanasios"]
[Result "1-0"]
[WhiteElo "2118"]
[BlackElo "2211"]
[PlyCount "69"]
[EventDate "2012.01.03"]
[EventType "swiss"]
[EventRounds "7"]
[EventCountry "GRE"]
[SourceTitle "CBM 146 Extra"]
[Source "ChessBase"]
[SourceDate "2012.02.29"]
[SourceVersion "1"]
[SourceVersionDate "2012.02.29"]
[SourceQuality "1"]

1. e4 d5 2. exd5 Nf6 3. d4 Nxd5 4. Be2 g6 5. Nf3 Bg7 6. 0-0 0-0 7. c4 Nb6 8. Nc3 Bg4 9. h3 Bxf3 10. Bxf3 Nc6 11. c5 Nd7 12. d5 Nce5 13. Be3 c6 14. Be2 cxd5 15. Qxd5 Qc8 16. f4 Nc6 17. Rac1 Rd8 18. Qc4 Nf6 19. b4 a6 20. a4 e6 21. Rfd1 Nd5 22. Nxd5 exd5 23. Rxd5 Rxd5 24. Qxd5 Qe8 25. Qf3 Nxb4 26. Bc4 Rd8 27. Bf2 Qd7 28. Kh2 a5 29. Bh4 Qd2 30. Bxd8 Qxc1 31. Qe4 Bf8 32. Bc7 Nc6 33. Qd5 Nd8 34. Qxd8 Qxc4 35. Bd6 1-0

[Event "GRE-ch U20"]
[Site "Nikaia"]
[Date "2012.01.08"]
[Round "6"]
[White "Aggelis, Nikolaos"]
[Black "Kazakos, Emmanouil"]
[Result "1-0"]
[WhiteElo "2340"]
[BlackElo "2118"]
[PlyCount "75"]
[EventDate "2012.01.03"]
[EventType "swiss"]
[EventRounds "7"]
[EventCountry "GRE"]
[SourceTitle "CBM 146 Extra"]
[Source "ChessBase"]
[SourceDate "2012.02.29"]
[SourceVersion "1"]
[SourceVersionDate "2012.02.29"]
[SourceQuality "1"]

1. d4 Nf6 2. g3 e6 3. Bg2 c5 4. Nf3 a6 5. 0-0 cxd4 6. Nxd4 Qc7 7. Qd3 Be7 8. c4 d6 9. Nc3 Bd7 10. b3 Nc6 11. Ba3 0-0 12. Rac1 Nxd4 13. Qxd4 Rfd8 14. Rfd1 Be8 15. Bb2 Bf8 16. Rd2 Rac8 17. a4 b6 18. Qf4 Qb8 19. Rcd1 Bc6 20. e4 Nd7 21. Ne2 Nc5 22. Nd4 Bb7 23. Qe3 Qa8 24. f3 Re8 25. h4 Qb8 26. Kh2 d5 27. cxd5 exd5 28. Nf5 dxe4 29. Qg5 Ne6 30. Nh6+ Kh8 31. Nxf7+ Kg8 32. Nh6+ Kh8 33. Qf5 Re7 34. fxe4 Nc5 35. Nf7+ Kg8 36. Ng5 g6 37. Qf6 Rg7 38. Rd8 1-0